Encíclica Immortale Dei de S.S. León XIII: sobre la constitución cristiana del estado

Bewaard in:
Bibliografische gegevens
Formaat: Boek
Taal:Spaans
Gepubliceerd in: Buenos Aires Difusión 1940
Reeks:Colección Encíclicas Papales, 4
Onderwerpen:
Tags: Voeg label toe
Geen labels, Wees de eerste die dit record labelt!

MARC

LEADER 00000nam a2200000 a 4500
001 UCI6896
003 CL-VaPUC
008 080530e19400000AG |||||||||||||||||spa|d
082 0 4 |a 262.91  |b ENC  |2 21 
245 1 0 |a Encíclica Immortale Dei de S.S. León XIII: sobre la constitución cristiana del estado 
300 |a 43 p 
942 |c BK 
945 |d 20080530 00:00:00  |a jtorresc 
260 |a Buenos Aires  |b Difusión  |c 1940 
500 |a Donación Padres Capuchinos 
600 0 |a León XIII  |9 310697 
650 0 |a Encíclicas papales  |9 314532 
650 0 |a Documentos pontificios   |9 255642 
650 0 |a Doctrina social de la iglesia  |9 257333 
583 |a last modification  |c 20080530 00:00:00  |k Rodrigo Vera 
490 0 |a Colección Encíclicas Papales, 4 
999 |c 330342  |d 330340 
952 |0 0  |1 0  |4 0  |6 262_910000000000000_ENC_1940  |7 0  |8 X  |9 415842  |a FDOBUD  |b FDOBUD  |d 2019-11-22  |i 444227K  |o 262.91 ENC 1940  |p 444227K  |r 2019-11-22  |w 2019-11-22  |y BK_X  |k BUD